000 00330nam a22001451a 4500
020 _a9788170815433
082 _aS 294.5
_bBRI/K
100 _aBrijakumar Shukla
245 _aKarma kaumudi/
_cby Brijakumar Shukla
260 _aDelhi:
_bNag,
_c2002.
300 _a211p.
650 _aHinduism
650 _aReligion
942 _cBK
999 _c22989
_d22989